観光客数上位20島 - Statistics

General Stats
  • This quiz has been taken 573 times
  • The average score is 11 of 20
Answer Stats
Hint Answer % Correct
沖縄県 石垣島
95%
香川県 小豆島
94%
新潟県 佐渡島
89%
鹿児島県 奄美大島
88%
沖縄県 宮古島
86%
北海道 利尻島
76%
鹿児島県 種子島
75%
東京都 大島
62%
香川県 直島
57%
長崎県 壱岐島
53%
沖縄県 西表島
52%
長崎県 福江島
50%
沖縄県 竹富島
42%
兵庫県 家島
34%
静岡県 初島
32%
長崎県 対馬島
30%
愛知県 日間賀島
27%
愛知県 篠島
18%
香川県 女木島
12%
兵庫県 坊勢島
8%
No matching quizzes found
Score Distribution
Percent of People with Each Score
Percentile by Number Answered
Your Score History
You have not taken this quiz